[Event "New Zealand Championship"]
[Site "Palmerston North"]
[Date "2024.01.03"]
[Round "2.3"]
[White "Ker, Anthony F"]
[Black "Liu, William Rui"]
[Result "1-0"]
[WhiteElo "2249"]
[BlackElo "1853"]

1. e4 e5 2. d4 exd4 3. Nf3 Nc6 4. Bc4 Bc5 5. c3 Nf6 6. e5 d5 7. Bb5 Ne4 8. cxd4
Bb4+ 9. Bd2 Bxd2+ 10. Nbxd2 O-O 11. O-O Bg4 12. Qa4 Bd7 13. Rfe1 Nxd2 14. Nxd2
Re8 15. f4 Qh4 16. g3 Qe7 17. Nf3 h6 18. Rac1 Kh8 19. a3 a5 20. Qb3 Rad8 21.
Qc3 Ra8 22. Kf2 Qe6 23. Bd3 f5 24. Nh4 Qf7 25. g4 fxg4 26. Kg3 Ne7 27. Qxc7 g5
28. Ng2 Nf5+ 29. Bxf5 Qxf5 30. Rc3 Rf8 31. Rf1 Rac8 32. Qd6 Rxc3+ 33. bxc3 Be6
34. Qe7 Rc8 35. Kf2 Rxc3 36. Kg1 g3 37. hxg3 Qf7 38. Qxf7 Bxf7 39. fxg5 Bg8 40.
gxh6 Rxg3 41. Rf6 Rg4 42. e6 Re4 43. Nf4 Kh7 44. Kf2 b5 45. Nh3 1-0

[Event "New Zealand Championship"]
[Site "Palmerston North"]
[Date "2024.01.03"]
[Round "2.4"]
[White "Young, Cohen"]
[Black "Middelburg, Tom"]
[Result "0-1"]
[WhiteElo "1829"]
[BlackElo "2358"]

1. e4 c6 2. Nc3 d5 3. Nf3 g6 4. d4 Bg7 5. e5 f6 6. Bf4 Nd7 7. Qd2 g5 8. exf6
exf6 9. Qe3+ Ne7 10. Bd6 Nb6 11. Qxe7+ Qxe7+ 12. Bxe7 Kxe7 13. Bd3 Be6 14.
O-O-O Nc8 15. Rde1 Nd6 16. Ne2 Kf7 17. Ng3 Rae8 18. Re2 h5 19. Nf1 g4 20. Nh4
f5 21. c3 Bh6+ 22. Kc2 Bg5 23. g3 Bxh4 24. gxh4 f4 25. Nd2 Nf5 26. Re5 Nxh4 27.
Rhe1 Kf6 28. c4 Ng2 29. Rg1 f3 30. Kc3 Bd7 31. Rxe8 Rxe8 32. cxd5 cxd5 33. Nb1
Bf5 34. Bxf5 Kxf5 0-1

[Event "New Zealand Championship"]
[Site "Palmerston North"]
[Date "2024.01.03"]
[Round "2.5"]
[White "Dive, Russell J"]
[Black "Chang, Yolanda"]
[Result "0-1"]
[WhiteElo "2194"]
[BlackElo "1595"]

1. c4 e6 2. g3 Nf6 3. Bg2 d5 4. b3 d4 5. Nf3 c5 6. e3 Nc6 7. exd4 cxd4 8. O-O
Bd6 9. d3 O-O 10. Na3 e5 11. Nc2 Re8 12. a3 a5 13. Rb1 Bf5 14. b4 axb4 15. axb4
Rc8 16. b5 Na5 17. Bg5 h6 18. Bxf6 Qxf6 19. Nh4 Bh7 20. Bd5 e4 21. dxe4 Bxe4
22. Re1 Bh7 23. Rxe8+ Rxe8 24. Qd2 g5 25. Ng2 b6 26. Nge1 Rc8 27. Rd1 Nxc4 28.
Qxd4 Be5 29. Qg4 Bf5 30. Qe2 Nd6 31. Ne3 Bd7 32. Ng4 Bxg4 33. Qxg4 Rc5 34. Nf3
Nxb5 35. Nxe5 Qxe5 36. Bxf7+ Kxf7 37. Rd7+ Kf6 38. Qh5 Rc1+ 39. Kg2 Qe4+ 40.
Kh3 Qf5+ 41. Kg2 Qxd7 42. Qxh6+ Kf5 43. g4+ Ke4 44. Qxg5 Qd1 45. Qg6+ Kd5 46.
Qf5+ Kc4 47. f3 Qc2+ 48. Qxc2+ Rxc2+ 49. Kg3 Nd4 50. h4 Rc3 51. h5 Rxf3+ 52.
Kh4 b5 53. h6 Nf5+ 54. gxf5 Rxf5 55. h7 Rf8 0-1

[Event "New Zealand Championship"]
[Site "Palmerston North"]
[Date "2024.01.03"]
[Round "2.6"]
[White "Steadman, Michael V R"]
[Black "VanMeter, Lester"]
[Result "1-0"]
[WhiteElo "2072"]
[BlackElo "1810"]

1. d4 c5 2. d5 Nf6 3. Nc3 g6 4. e4 d6 5. f4 Bg7 6. Bb5+ Nfd7 7. a4 O-O 8. Nf3
Na6 9. O-O Nb4 10. Qe2 Nf6 11. h3 e6 12. dxe6 Bxe6 13. e5 dxe5 14. fxe5 Nfd5
15. Ne4 Qc7 16. c3 a6 17. Bc4 b5 18. axb5 axb5 19. Rxa8 Rxa8 20. Bxb5 Nc6 21.
Nxc5 Nxe5 22. Nxe6 fxe6 23. Nxe5 Bxe5 24. Bh6 Qd6 25. Qf3 Qc5+ 26. Kh1 Qe7 27.
Qe4 Bg7 28. Bxg7 Kxg7 29. Qe5+ Kg8 30. Bc4 Rd8 31. Re1 Kf7 32. Bxd5 Rxd5 33.
Qxd5 exd5 34. Rxe7+ Kxe7 35. Kg1 Kd6 36. b4 Kc6 37. Kf2 Kb5 38. Ke3 Kc4 39. Kd2
d4 40. cxd4 Kxd4 41. g4 Kd5 1-0

[Event "New Zealand Championship"]
[Site "Palmerston North"]
[Date "2024.01.03"]
[Round "2.7"]
[White "Yu, Zachary"]
[Black "Renjith, Sravan"]
[Result "1/2-1/2"]
[WhiteElo "1861"]
[BlackElo "2257"]

1. d4 d5 2. c4 e6 3. Nf3 c5 4. cxd5 exd5 5. Nc3 Nf6 6. Bg5 Be6 7. e3 c4 8. Be2
Be7 9. O-O O-O 10. Ne5 Nc6 11. Nxc6 bxc6 12. Qc2 Qd7 13. Bxf6 Bxf6 14. Na4 Be7
15. b3 cxb3 16. axb3 Rfb8 17. Rfc1 Qd8 18. Nc5 Bxc5 19. Qxc5 a5 20. Rc3 Bd7 21.
h3 Be8 22. Rc2 Rxb3 23. Rca2 g6 24. Rxa5 Rxa5 25. Qxa5 Qe7 26. Bf3 Kg7 27. Qa7
Rb1+ 28. Kh2 Qd6+ 29. g3 Rb3 30. Qa4 Rb5 31. Qa3 Qf6 32. Kg2 h5 33. Qa7 Qd6 34.
Qa3 Qe6 35. Qd3 Bd7 36. g4 Qf6 37. gxh5 Bxh3+ 38. Kg3 Bf5 39. h6+ Kh7 40. Qe2
Qg5+ 41. Bg4 Rb2 42. Qf3 Qxg4+ 43. Qxg4 Bxg4 44. Kxg4 Rxf2 45. Ra6 Rf6 46. Kg5
Rf5+ 47. Kg4 Kxh6 48. Rxc6 Kg7 49. Rd6 Kf8 50. Ra6 Ke7 51. Ra7+ Kd6 52. Ra6+
Kd7 53. Rb6 Rf1 54. Ra6 Ke7 55. Ra7+ Kf6 56. Ra6+ Kg7 57. Rd6 Rg1+ 58. Kf4 Rf1+
59. Kg4 Rf5 60. Rd8 Kf6 61. Rd6+ Ke7 62. Ra6 Rf6 63. Ra7+ Kf8 64. Rd7 Rf5 65.
Rd6 Kg7 66. Rd8 Rh5 67. Rd7 Kf8 68. Ra7 Rf5 69. Rd7 Kg7 70. Rd8 Kh7 71. Rc8 Rf1
72. Rd8 Rf5 73. Rc8 f6 74. Rd8 Rh5 75. Rd6 Kg7 76. Rd8 Kf7 77. Rd6 Rg5+ 78. Kf4
Rf5+ 79. Kg4 Rh5 80. Ra6 Rf5 81. Ra7+ Ke6 82. Ra6+ Kd7 83. Rb6 Rf1 84. Ra6 Rg1+
85. Kf4 g5+ 86. Kf5 Rf1+ 87. Kg4 Ke7 88. Ra7+ Ke6 89. Ra6+ Kf7 90. Rd6 Re1 91.
Kf3 Rf1+ 92. Kg4 Kg6 93. Rxd5 f5+ 94. Kg3 f4+ 1/2-1/2

[Event "New Zealand Championship"]
[Site "Palmerston North"]
[Date "2024.01.03"]
[Round "2.8"]
[White "Lee, Miles"]
[Black "Ning, Isabelle Yixuan"]
[Result "0-1"]
[WhiteElo "1968"]
[BlackElo "1958"]

1. e4 c5 2. Nf3 d6 3. d4 cxd4 4. Nxd4 Nf6 5. Nc3 a6 6. f3 e5 7. Nb3 Be6 8. Be3
h5 9. Nd5 Bxd5 10. exd5 g6 11. Qd2 Bg7 12. O-O-O Nbd7 13. Na5 Qc7 14. Kb1 Rc8
15. c4 Nc5 16. Bxc5 Qxc5 17. Nxb7 Qb6 18. Na5 O-O 19. Nc6 Rfe8 20. Be2 e4 21.
Rhe1 e3 22. Qc2 Nd7 23. Bd3 Nc5 24. Re2 Rc7 25. a3 a5 26. Ka2 Rb7 27. Rb1 Nb3
28. Rd1 Reb8 29. Nxb8 Nd4 30. c5 dxc5 31. Nd7 Rxd7 32. Qc1 Nxe2 33. Bxe2 Rb7
34. b4 axb4 35. d6 bxa3 36. Bc4 Qb2+ 37. Qxb2 axb2 38. d7 Ra7+ 39. Kb3 Rxd7 40.
Re1 Rd2 41. Ka2 Rxg2 42. Bd3 Rxh2 43. Rxe3 Rh1 44. Bb1 h4 45. f4 h3 46. Re8+
Kh7 47. f5 h2 48. Re3 gxf5 49. Bxf5+ Kh6 50. Bb1 Kg5 51. Rg3+ Kf4 52. Rxg7 Rxb1
53. Rxf7+ Ke5 54. Kxb1 h1=Q+ 55. Kxb2 Qd5 56. Rg7 Qd4+ 57. Kc2 c4 58. Rg5+ Kf4
59. Rg8 Qd3+ 60. Kc1 Ke4 61. Rg4+ Ke3 62. Rg8 Qd2+ 63. Kb1 c3 64. Re8+ Kf2 65.
Rf8+ Ke1 66. Re8+ Kd1 67. Rb8 c2+ 68. Ka2 c1=Q+ 69. Kb3 Qdb2+ 70. Ka4 Qca1# 0-1

[Event "New Zealand Championship"]
[Site "Palmerston North"]
[Date "2024.01.03"]
[Round "2.9"]
[White "Sun, Wanyao Sarah"]
[Black "Archer, Ollie"]
[Result "0-1"]
[WhiteElo "1614"]
[BlackElo "2024"]

1. e4 c6 2. d4 d5 3. e5 Bf5 4. Nf3 e6 5. Be2 Ne7 6. O-O c5 7. dxc5 Nec6 8. Be3
Nd7 9. Bb5 Bxc5 10. Bxc5 Nxc5 11. Nd4 O-O 12. Nxf5 exf5 13. Bxc6 bxc6 14. Qd4
Ne6 15. Qd2 Qb8 16. f4 Qxb2 17. Nc3 Qb6+ 18. Kh1 Qd4 19. Qe1 Rab8 20. Rf3 Rb2
21. Qh4 Rxc2 22. Qe1 Rb8 23. Rd1 Qc4 24. h3 d4 25. Nb1 Qxa2 26. Ra3 Qd5 27. Qg1
Nxf4 28. Rxd4 Qxd4 29. Qf1 Qe4 30. Rf3 Rc1 0-1

[Event "New Zealand Championship"]
[Site "Palmerston North"]
[Date "2024.01.03"]
[Round "2.11"]
[White "Steele, Hayden"]
[Black "Gong, Daniel Hanwen"]
[Result "0-1"]
[WhiteElo "1493"]
[BlackElo "2319"]

1. e4 c5 2. c3 d5 3. exd5 Qxd5 4. Nf3 Nf6 5. d4 e6 6. Na3 a6 7. Nc4 Qd8 8. Be3
cxd4 9. Nxd4 Nd5 10. Qf3 b5 11. Ne5 Qc7 12. Nd3 Bb7 13. Qe2 Nxc3 14. Nxe6 fxe6
15. Rc1 Nxe2 16. Rxc7 Bd5 17. Bxe2 Nd7 18. Bf4 Be7 19. O-O Bd8 20. Rc3 Bf6 21.
Rc7 Nb6 22. Bd6 Nc4 23. Bc5 Kd8 24. Rf7 Nxb2 25. Nb4 Na4 26. Nxd5 exd5 27. Bd6
h5 28. Bf3 Nc3 29. Re1 Rc8 30. g4 Rc4 31. gxh5 Ne4 32. Bf4 Nxf2 33. Be3 Nd3 34.
Bb6+ Kc8 35. Rd1 Ne5 36. Bxd5 Nxf7 37. Bxf7 Rc6 38. Ba5 Bd8 39. Bd5 Rd6 40. Bb4
Bb6+ 41. Kg2 Rf6 42. Bc3 Rf2+ 43. Kg3 Rxh5 44. Be6+ Kb8 45. h4 Re2 46. Bg4 Re3+
47. Kf4 Rxh4 48. Bxg7 Re4+ 49. Kxe4 Rxg4+ 50. Kd5 Rxg7 51. Kc6 Rg6+ 52. Kd7 Kb7
53. Rc1 Rg2 54. a3 Rd2+ 55. Ke6 Rd3 0-1

[Event "New Zealand Championship"]
[Site "Palmerston North"]
[Date "2024.01.03"]
[Round "2.12"]
[White "Yu, Weiyang (Cadence)"]
[Black "Tang, Hao"]
[Result "0-1"]
[WhiteElo "1551"]
[BlackElo "2008"]

1. e4 d5 2. exd5 Qxd5 3. d4 Nc6 4. Be3 Nf6 5. Nf3 Bg4 6. Be2 Qa5+ 7. Nbd2 O-O-O
8. O-O e5 9. Nxe5 Nxe5 10. dxe5 Bxe2 11. Qxe2 Qxe5 12. Nf3 Qh5 13. Rfd1 Bd6 14.
h3 Rhe8 15. Qc4 a6 16. Rab1 Ne4 17. Bb6 Qg6 18. b4 Qe6 19. Qxe6+ Rxe6 20. Be3
Nc3 21. Re1 Nxb1 22. Rxb1 h6 23. Nd4 Re4 24. c3 Bf4 25. Bxf4 Rxf4 26. Re1 Rd5
27. g3 Rf6 28. Kg2 Kd7 29. a4 b6 30. Re3 c5 31. Nb3 Re6 32. Rf3 f6 33. c4 Rde5
34. bxc5 bxc5 35. Rc3 Kc6 36. f4 Re3 37. Rxe3 Rxe3 38. Nc1 Rc3 39. Ne2 Rxc4 0-1

[Event "New Zealand Championship"]
[Site "Palmerston North"]
[Date "2024.01.03"]
[Round "2.13"]
[White "Milligan, Helen"]
[Black "Praveen, Jeeva"]
[Result "1/2-1/2"]
[WhiteElo "1941"]
[BlackElo "1640"]

1. e4 Nf6 2. e5 Nd5 3. d4 d6 4. Nf3 g6 5. Bc4 Nb6 6. Bb3 Bg7 7. Qe2 O-O 8. h3
Nc6 9. O-O dxe5 10. dxe5 Nd4 11. Nxd4 Qxd4 12. Re1 Bd7 13. Nc3 Bc6 14. Bg5 h6
15. Rad1 Qc5 16. Bf4 e6 17. Ne4 Qe7 18. Nf6+ Bxf6 19. exf6 Qxf6 20. Bxh6 Rfd8
21. Rxd8+ Rxd8 22. Qe3 Nd5 23. Qg3 Rd7 24. c3 Ne7 25. Bg5 Qf5 26. Qh4 Nd5 27.
c4 Nb4 28. Bd1 f6 29. Bxf6 Rh7 30. Qg5 Kf7 31. Qxf5 gxf5 32. Bd4 Rh4 33. Bxa7
b6 34. Re3 Rxc4 35. Bb3 Rc1+ 36. Kh2 Nd5 37. Bxd5 Bxd5 38. a4 Rc2 39. f3 Rxb2
40. Rc3 c6 41. Ra3 Kg6 42. Bb8 Kg5 43. Be5 Ra2 44. f4+ Kh5 45. Rxa2 Bxa2 46.
Bc7 Bb3 47. Bxb6 Bxa4 48. Kg3 Bc2 49. Kf2 Be4 1/2-1/2

[Event "New Zealand Championship"]
[Site "Palmerston North"]
[Date "2024.01.03"]
[Round "2.14"]
[White "McDougall, Euan"]
[Black "Zhang, Kendrick Botong"]
[Result "0-1"]
[WhiteElo "1747"]
[BlackElo "1815"]

1. d4 Nf6 2. c4 e6 3. Nc3 Bb4 4. e3 b6 5. Ne2 Bb7 6. a3 Bxc3+ 7. Nxc3 d5 8. Qc2
Nbd7 9. Be2 dxc4 10. O-O c5 11. Rd1 Qe7 12. Bxc4 O-O 13. Ba2 Rac8 14. f3 cxd4
15. Rxd4 e5 16. Rd1 e4 17. f4 Nc5 18. b4 Nd3 19. Bd2 Ng4 20. Rf1 Qf6 21. Qb3
Nxe3 22. Nxe4 Qg6 23. Bxe3 Qxe4 24. Rf3 Nxf4 25. Bb1 Rc1+ 26. Kf2 Nd3+ 27. Bxd3
Qh4+ 28. Rg3 Qf6+ 29. Rf3 Bxf3 30. gxf3 Rxa1 31. Qc4 Re8 32. Bd4 Ra2+ 33. Kg3
Qg5+ 34. Kh3 Qh5+ 35. Kg3 Qxh2+ 36. Kg4 Rg2+ 37. Kf5 Qh5+ 38. Kf4 Qg5# 0-1

[Event "New Zealand Championship"]
[Site "Palmerston North"]
[Date "2024.01.03"]
[Round "2.15"]
[White "Qin, Oscar Shu Xuan"]
[Black "Xu, Luna Yuexiu"]
[Result "1/2-1/2"]
[WhiteElo "1880"]
[BlackElo "1407"]

1. e4 c5 2. Nf3 d6 3. d4 cxd4 4. Nxd4 Nf6 5. Nc3 a6 6. Be3 e5 7. Nb3 Be7 8. f3
Be6 9. Qd2 Nbd7 10. O-O-O O-O 11. g4 b5 12. g5 b4 13. Ne2 Ne8 14. f4 a5 15. f5
a4 16. Nbd4 exd4 17. Nxd4 b3 18. Kb1 bxc2+ 19. Nxc2 Bb3 20. axb3 axb3 21. Na3
Nc7 22. f6 gxf6 23. gxf6 Bxf6 24. Qxd6 Ne5 25. Bb6 Qxd6 26. Rxd6 Ne6 27. Rg1+
Kh8 28. Bc4 Rxa3 29. Bxe6 Ra2 30. Bxb3 Rxb2+ 31. Kxb2 Nc4+ 32. Kc2 Nxd6 33. Bd5
Rc8+ 34. Kd2 Nc4+ 35. Bxc4 Rxc4 36. Ke3 Rb4 37. Bc5 Rc4 38. Ba7 Ra4 39. Bb6 Rb4
40. Bc5 Rc4 41. Ba7 Ra4 1/2-1/2

[Event "New Zealand Championship"]
[Site "Palmerston North"]
[Date "2024.01.03"]
[Round "2.16"]
[White "Wang, Aaron Ziwen"]
[Black "Smith, Robert W"]
[Result "0-1"]
[WhiteElo "1669"]
[BlackElo "2152"]

1. c4 Nf6 2. Nc3 d6 3. Nf3 e5 4. d3 Nc6 5. g3 Be7 6. Bg2 O-O 7. O-O h6 8. a3 a5
9. Rb1 d5 10. cxd5 Nxd5 11. Nxe5 Nxc3 12. Nxc6 Nxd1 13. Nxd8 Nxf2 14. Nxb7 Nh3+
15. Bxh3 Bxh3 16. Be3 Bxf1 17. Kxf1 Rfb8 18. Nc5 Rb5 19. d4 Rab8 20. Bf4 Bxc5
21. dxc5 Rxc5 22. Be3 Rc2 23. Bd4 c5 24. Be3 Rbxb2 25. Rxb2 Rxb2 26. Bxc5 a4
27. Kf2 f5 28. h4 g6 29. Kf3 Kf7 30. e3 Ke6 31. g4 Rh2 32. Kg3 Rh1 33. gxf5+
Kxf5 34. Bd4 g5 35. hxg5 hxg5 36. Kg2 Rb1 37. Bc5 Kg4 38. Bd4 Rb3 39. Bc5 Rb2+
0-1

[Event "New Zealand Championship"]
[Site "Palmerston North"]
[Date "2024.01.03"]
[Round "2.17"]
[White "Fulo, Nunilon III"]
[Black "Zhu, David Junyang"]
[Result "1-0"]
[WhiteElo "2002"]
[BlackElo "1721"]

1. e4 e5 2. Nf3 Nc6 3. Bc4 Bc5 4. d3 Nf6 5. Nc3 h6 6. Na4 Be7 7. Nc3 Bc5 8. a3
a5 9. O-O d6 10. h3 O-O 11. Be3 Nd4 12. Bxd4 exd4 13. Ne2 d5 14. exd5 Nxd5 15.
Nfxd4 Nf4 16. Nxf4 Qxd4 17. Qf3 Qf6 18. Qh5 Bd6 19. Nd5 Qxb2 20. c3 Qd2 21. f4
Bc5+ 22. Kh2 Qc2 23. Nf6+ gxf6 24. Qg6+ Kh8 25. Qxh6+ Kg8 26. Rf3 1-0

[Event "New Zealand Championship"]
[Site "Palmerston North"]
[Date "2024.01.03"]
[Round "2.18"]
[White "Langford, Joshua"]
[Black "Baker, Ilias Angelo (Leo)"]
[Result "1/2-1/2"]
[WhiteElo "1869"]
[BlackElo "1649"]

1. e4 e5 2. Nf3 Nc6 3. Bc4 Bc5 4. c3 Nf6 5. d3 d6 6. O-O h6 7. Re1 a5 8. d4 Ba7
9. dxe5 Nxe5 10. Nxe5 dxe5 11. Qxd8+ Kxd8 12. Be3 Bxe3 13. Rxe3 Ke7 14. Nd2 Be6
15. Bxe6 Kxe6 16. g3 Rhd8 17. Nf1 Ng4 18. Ree1 Nf6 19. f3 Rd3 20. Rad1 Rad8 21.
Rxd3 Rxd3 22. Kf2 a4 23. Ke2 Rd6 24. Ne3 Rb6 25. Nc4 Rc6 26. Na5 Rb6 27. Nc4
Rc6 28. Na5 Rb6 29. Nc4 1/2-1/2

[Event "New Zealand Championship"]
[Site "Palmerston North"]
[Date "2024.01.03"]
[Round "2.19"]
[White "Malcolm, Leo"]
[Black "van der Hoorn, Thomas"]
[Result "0-1"]
[WhiteElo "1688"]
[BlackElo "1882"]

1. e4 c6 2. d4 d5 3. exd5 cxd5 4. c4 Nf6 5. Nc3 Nc6 6. Nf3 e6 7. cxd5 Nxd5 8.
Bb5 Nxc3 9. bxc3 Bd6 10. O-O O-O 11. Bd3 h6 12. Re1 b6 13. Bc2 Ba6 14. Be4 Bb7
15. Bc2 Ba6 16. Be4 Rc8 17. Qa4 Bb7 18. Bd2 Qc7 19. c4 Ne7 20. Qxa7 Bxe4 21.
Qxc7 Rxc7 22. Rxe4 Rxc4 23. Ree1 Nd5 24. Rec1 Rfc8 25. g3 Rxc1+ 26. Rxc1 Rxc1+
27. Bxc1 Nc3 28. Bd2 Nxa2 29. Ne5 Bb4 30. Be3 Nc3 31. Nc6 Nd5 32. Nxb4 Nxb4 33.
Kf1 Nd5 34. Bc1 Kf8 35. Ke2 h5 36. h3 Ke7 37. g4 hxg4 38. hxg4 Kd6 39. Kd3 Kc6
40. f4 g6 41. Ke4 Nf6+ 42. Kf3 Kd5 43. f5 gxf5 44. gxf5 e5 45. Bg5 Nd7 46. dxe5
Kxe5 47. Kg4 Nf6+ 0-1

[Event "New Zealand Championship"]
[Site "Palmerston North"]
[Date "2024.01.03"]
[Round "2.20"]
[White "McDonald, Duncan"]
[Black "Burns, Christopher J"]
[Result "0-1"]
[WhiteElo "1657"]
[BlackElo "1926"]

1. e4 e5 2. Nf3 Nc6 3. Bc4 Nf6 4. Ng5 d5 5. exd5 Nd4 6. c3 b5 7. Bf1 Nxd5 8.
cxd4 Qxg5 9. Qf3 exd4 10. Bxb5+ Kd8 11. Bc6 Nf4 12. Bxa8 Bg4 13. Qe4 f5 14.
Qxd4+ Bd6 15. Bc6 Re8+ 16. Bxe8 Qe7+ 17. Qe3 Nxg2+ 18. Kf1 Nxe3+ 19. dxe3 Qxe8
20. Nc3 Bf3 21. Rg1 Bxh2 22. Rxg7 Be5 23. Rxh7 Qg8 24. Rh6 Bxc3 0-1

[Event "New Zealand Championship"]
[Site "Palmerston North"]
[Date "2024.01.03"]
[Round "2.21"]
[White "Braganza, Nadia"]
[Black "Wang, Justin Zhide"]
[Result "1/2-1/2"]
[WhiteElo "1808"]
[BlackElo "1667"]

1. c4 e6 2. g3 Nf6 3. Bg2 Be7 4. Nf3 O-O 5. O-O b6 6. d4 Bb7 7. Nc3 Ne4 8. Qc2
f5 9. Ne5 Nd6 10. e4 Bf6 11. b3 Bxe5 12. dxe5 Nxe4 13. Nxe4 fxe4 14. Bxe4 Bxe4
15. Qxe4 Na6 16. Ba3 c5 17. Rad1 Qc7 18. Rd6 Rfe8 19. Rfd1 Rad8 20. Bc1 Nb8 21.
Bg5 Rc8 22. h4 Rf8 23. Qg4 Kh8 24. h5 h6 25. Bh4 Rf7 26. Qg6 Rcf8 27. R1d2 Nc6
28. Bf6 gxf6 29. Qxh6+ Kg8 30. exf6 Nd4 31. Qg6+ Kh8 32. Qh6+ Kg8 33. Qg5+ Kh8
34. Qh6+ Kg8 35. Qg6+ Kh8 36. Qh6+ Kg8 37. Qg6+ Kh8 1/2-1/2

[Event "New Zealand Championship"]
[Site "Palmerston North"]
[Date "2024.01.03"]
[Round "2.22"]
[White "Gan, Emily Cathay"]
[Black "Metge, J Nigel"]
[Result "0-1"]
[WhiteElo "1570"]
[BlackElo "1787"]

1. c4 e6 2. Nc3 f5 3. Nf3 Nf6 4. d4 Be7 5. g3 O-O 6. Bg2 d6 7. O-O Qe8 8. Re1
Qh5 9. e4 fxe4 10. Nxe4 Nc6 11. Qd3 e5 12. Nxf6+ Bxf6 13. d5 Ne7 14. Nd2 Bh3
15. Ne4 Nf5 16. f4 exf4 17. Nxf6+ Rxf6 18. Bxf4 Bxg2 19. Kxg2 Nh4+ 20. Kh1 Nf3
21. Re2 g5 22. Rf2 Ne5 23. Qc3 Ng4 24. Rg2 gxf4 25. gxf4 Kf7 26. Qf3 Rg8 27. h3
Rh6 28. Rg3 Nf6 29. Qxh5+ Nxh5 30. Re3 Ng3+ 31. Kh2 Nf5 32. Rf3 0-1

[Event "New Zealand Championship"]
[Site "Palmerston North"]
[Date "2024.01.03"]
[Round "2.23"]
[White "Rowe, Abigail"]
[Black "Forster, William"]
[Result "0-1"]
[WhiteElo "1357"]
[BlackElo "1790"]

1. e4 d6 2. d4 Nf6 3. Nc3 c6 4. a4 Qa5 5. Bd2 Qc7 6. h3 e5 7. dxe5 dxe5 8. Bc4
Bc5 9. Nf3 O-O 10. O-O Re8 11. Re1 Be6 12. Bxe6 Rxe6 13. Qe2 Nbd7 14. Rad1 Bd4
15. Be3 Bxc3 16. bxc3 Nxe4 17. Qd3 Nef6 18. Ng5 Re7 19. Ne4 Nxe4 20. Qxe4 f6
21. f4 Rae8 22. Qc4+ Kh8 23. Qf1 Qa5 24. Qc4 exf4 25. Bd2 Rxe1+ 26. Rxe1 Rxe1+
27. Bxe1 Qc5+ 28. Qxc5 Nxc5 29. a5 b6 30. axb6 axb6 31. Bf2 Kg8 32. Kf1 Kf7 33.
Ke2 Ke6 34. Kf3 Kf5 35. Bd4 Nd7 36. Bf2 b5 37. c4 Ne5+ 38. Ke2 Nxc4 39. c3 Ke4
40. Bc5 g6 41. Bb4 Ne5 42. Bc5 f3+ 43. gxf3+ Nxf3 0-1

[Event "New Zealand Championship"]
[Site "Palmerston North"]
[Date "2024.01.03"]
[Round "2.24"]
[White "Weng, Winston"]
[Black "Thurner, Anya"]
[Result "0-1"]
[WhiteElo "1738"]
[BlackElo "1648"]

1. d4 d5 2. c4 e6 3. Nf3 Nf6 4. Nc3 Be7 5. Bg5 h6 6. Bh4 O-O 7. e3 b6 8. Be2
Bb7 9. Bxf6 Bxf6 10. cxd5 exd5 11. b4 Qe7 12. Qb3 Rd8 13. O-O c6 14. a4 Nd7 15.
Nd2 Nf8 16. a5 c5 17. bxc5 bxc5 18. Nf3 cxd4 19. Nxd4 Bxd4 20. exd4 Rac8 21.
Bf3 Qd7 22. Na4 Bc6 23. Nc5 Qd6 24. Qd3 Nd7 25. Bg4 Rb8 26. Bxd7 Bxd7 27. Rfe1
Bb5 28. Qf3 Re8 29. g3 a6 30. Qc3 Rbc8 31. Qd2 Qf6 32. Re3 Rxe3 33. fxe3 Rxc5
34. Qf2 Qxf2+ 35. Kxf2 Rc2+ 36. Kg1 Re2 37. Ra3 Kf8 38. Kh1 Ke7 39. g4 Ke6 40.
h3 f5 41. Kg1 fxg4 42. hxg4 Kf6 43. Rc3 Bc4 44. Kh1 Kg5 0-1

[Event "New Zealand Championship"]
[Site "Palmerston North"]
[Date "2024.01.04"]
[Round "3.1"]
[White "Hague, Ben"]
[Black "Steadman, Michael V R"]
[Result "1/2-1/2"]
[WhiteElo "2337"]
[BlackElo "2072"]

1. e4 e6 2. d4 d5 3. e5 c5 4. c3 Nc6 5. Nf3 Qb6 6. a3 Nh6 7. Bd3 cxd4 8. O-O
Nf5 9. b4 Be7 10. c4 dxc4 11. Bxc4 Bd7 12. Nbd2 g5 13. Bd3 g4 14. Nc4 Qc7 15.
Ng5 b5 16. Nd6+ Nxd6 17. exd6 Qxd6 18. Qxg4 Ne5 19. Qg3 Nxd3 20. Qxd3 Bc6 21.
f3 Qd5 22. Ne4 Qc4 23. Qb1 f5 24. Nc5 Bxc5 25. bxc5 O-O-O 26. Bf4 d3 27. Bd6
Qd4+ 28. Kh1 e5 29. Qb4 Qxb4 30. axb4 e4 31. fxe4 fxe4 32. Rxa7 Rd7 33. Rxd7
Kxd7 34. Rd1 Ra8 35. Bf4 Ke6 36. Kg1 Kd5 37. Kf2 Kc4 38. Bd2 Kd4 39. Be3+ Kc3
40. Bd2+ Kc2 41. Ke1 e3 42. Bxe3 Re8 43. Rd2+ Kc3 44. Kf2 Bxg2 45. Rd1 Bd5 46.
Rc1+ Kxb4 47. c6 Bc4 48. c7 Kb3 49. Bg5 Rc8 50. Bf4 Kb2 51. Rg1 b4 52. Ke3 Ba6
53. Be5+ Kc2 54. Rg2+ Kb3 55. Kd4 Re8 56. Rd2 Rxe5 57. Kxe5 Kc3 58. Ra2 Bc8 59.
Ra8 d2 60. Rxc8 d1=Q 61. Rd8 Qe2+ 62. Kd5 Qb5+ 1/2-1/2

[Event "New Zealand Championship"]
[Site "Palmerston North"]
[Date "2024.01.04"]
[Round "3.2"]
[White "Ning, Isabelle Yixuan"]
[Black "Croad, Nicolas"]
[Result "0-1"]
[WhiteElo "1958"]
[BlackElo "2171"]

1. d4 Nf6 2. c4 e6 3. Nc3 Bb4 4. f3 O-O 5. e4 d5 6. e5 Nfd7 7. a3 Bxc3+ 8. bxc3
dxc4 9. f4 Nb6 10. Nf3 Bd7 11. a4 a5 12. Qc2 f5 13. Nd2 Qe8 14. Nxc4 Bxa4 15.
Qa2 N8d7 16. Ne3 Bc6 17. c4 Be4 18. Ba3 Rf7 19. Be2 Nb8 20. d5 Na6 21. dxe6
Qxe6 22. c5 Nd5 23. Bc4 c6 24. O-O Kh8 25. Rfd1 Rd7 26. Rd2 Nac7 27. Qb3 Qg6
28. g3 Rad8 29. Rad1 h5 30. Kf2 h4 31. Nxd5 Nxd5 32. Rg1 Nxf4 33. Rxd7 Nh3+ 34.
Ke3 Qg5+ 35. Ke2 Nxg1+ 36. Kf1 Rxd7 37. Kxg1 hxg3 38. Qxg3 Rd1+ 39. Kf2 Qd2+
40. Be2 Qe1+ 41. Ke3 Rd3+ 0-1

[Event "New Zealand Championship"]
[Site "Palmerston North"]
[Date "2024.01.04"]
[Round "3.3"]
[White "Archer, Ollie"]
[Black "Ker, Anthony F"]
[Result "1/2-1/2"]
[WhiteElo "2024"]
[BlackElo "2249"]

1. Nf3 c5 2. c4 g6 3. e4 Nc6 4. d4 cxd4 5. Nxd4 Nf6 6. Nc3 d6 7. f3 Nxd4 8.
Qxd4 Bg7 9. Be3 O-O 10. Qd2 a5 11. Na4 Be6 12. Nb6 Rb8 13. Qxa5 Nd7 14. Qb4 f5
15. exf5 Rxf5 16. Be2 Re5 17. Nxd7 Qxd7 18. Qd2 Rc8 19. Rc1 d5 20. Bd4 dxc4 21.
Bxe5 Qxd2+ 22. Kxd2 Bxe5 23. Rc2 b5 24. Ke3 b4 25. f4 Bf6 26. Rd1 c3 27. bxc3
b3 28. axb3 Bxb3 29. Rdc1 Bxc2 30. Rxc2 Rxc3+ 31. Rxc3 1/2-1/2

[Event "New Zealand Championship"]
[Site "Palmerston North"]
[Date "2024.01.04"]
[Round "3.4"]
[White "Middelburg, Tom"]
[Black "Chang, Yolanda"]
[Result "1-0"]
[WhiteElo "2358"]
[BlackElo "1595"]

1. e4 c6 2. d4 d5 3. Nc3 dxe4 4. Nxe4 Nf6 5. Nxf6+ exf6 6. c3 Bd6 7. Bd3 O-O 8.
Qc2 Re8+ 9. Ne2 h5 10. O-O h4 11. Bf4 Rxe2 12. Qxe2 Bxf4 13. Qe4 g5 14. Qh7+
Kf8 15. Rae1 1-0

[Event "New Zealand Championship"]
[Site "Palmerston North"]
[Date "2024.01.04"]
[Round "3.5"]
[White "Gong, Daniel Hanwen"]
[Black "Cilia Vincenti, David"]
[Result "0-1"]
[WhiteElo "2319"]
[BlackElo "1945"]

1. d4 d5 2. c4 e6 3. Nc3 a6 4. cxd5 exd5 5. Bf4 Nf6 6. e3 c5 7. Nge2 Nc6 8. h3
Be6 9. g4 h6 10. Bg2 c4 11. g5 hxg5 12. Bxg5 Qd7 13. Bxf6 gxf6 14. Nf4 Bb4 15.
Qf3 O-O-O 16. Kf1 Bxc3 17. bxc3 f5 18. h4 Qe7 19. h5 Qa3 20. Ne2 Qb2 21. Rc1
Rdg8 22. a4 Na5 23. Rd1 Nb3 24. Ke1 Rg5 25. Rh4 Rg4 26. Rh2 Qc2 27. h6 Rh7 28.
Rh5 Rg6 29. Rh2 Rgxh6 30. Rxh6 Rxh6 31. Qf4 Rh8 32. Qe5 Rd8 33. Nf4 Qxc3+ 34.
Kf1 Qc2 35. Re1 Nd2+ 36. Kg1 Rg8 37. Kh1 Nf3 38. Bxf3 Qxf2 39. Rb1 Qh4+ 0-1